Psychology Frontiers and Applications (Record no. 18385)
[ view plain ]
| 000 -LEADER | |
|---|---|
| fixed length control field | 01160cam a22002894a 4500 |
| 001 - CONTROL NUMBER | |
| control field | 14034830 |
| 003 - CONTROL NUMBER IDENTIFIER | |
| control field | MUT |
| 005 - DATE AND TIME OF LATEST TRANSACTION | |
| control field | 20240606081437.0 |
| 008 - FIXED-LENGTH DATA ELEMENTS--GENERAL INFORMATION | |
| fixed length control field | 050713s2007 maua b 001 0 eng |
| 020 ## - INTERNATIONAL STANDARD BOOK NUMBER | |
| International Standard Book Number | 0070891885 |
| 040 ## - CATALOGING SOURCE | |
| Transcribing agency | MUT |
| 042 ## - AUTHENTICATION CODE | |
| Authentication code | pcc |
| 050 00 - LIBRARY OF CONGRESS CALL NUMBER | |
| Classification number | BF 121 |
| Item number | .P833 2002 |
| 082 00 - DEWEY DECIMAL CLASSIFICATION NUMBER | |
| Classification number | 150 |
| Edition information | 22 |
| 245 10 - TITLE STATEMENT | |
| Title | Psychology Frontiers and Applications |
| 250 ## - EDITION STATEMENT | |
| Edition statement | 2nd Canadian ed. |
| 260 ## - PUBLICATION, DISTRIBUTION, ETC. | |
| Place of publication, distribution, etc. | Toronto : |
| Name of publisher, distributor, etc. | McGraw-Hill Ryerson, |
| Date of publication, distribution, etc. | c2005. |
| 300 ## - PHYSICAL DESCRIPTION | |
| Extent | pxxxv, 655, [103] : |
| Other physical details | ill. (chiefly col.) ; |
| Dimensions | 29 cm. + |
| 650 #0 - SUBJECT ADDED ENTRY--TOPICAL TERM | |
| Topical term or geographic name entry element | Psychology |
| Form subdivision | Textbooks. |
| 700 ## - ADDED ENTRY--PERSONAL NAME | |
| Personal name | Passer, Michael W. |
| 856 42 - ELECTRONIC LOCATION AND ACCESS | |
| Materials specified | Publisher description |
| Uniform Resource Identifier | <a href="http://www.loc.gov/catdir/enhancements/fy0624/2005044388-d.html">http://www.loc.gov/catdir/enhancements/fy0624/2005044388-d.html</a> |
| 856 41 - ELECTRONIC LOCATION AND ACCESS | |
| Materials specified | Table of contents only |
| Uniform Resource Identifier | <a href="http://www.loc.gov/catdir/enhancements/fy0624/2005044388-t.html">http://www.loc.gov/catdir/enhancements/fy0624/2005044388-t.html</a> |
| 856 42 - ELECTRONIC LOCATION AND ACCESS | |
| Materials specified | Contributor biographical information |
| Uniform Resource Identifier | <a href="http://www.loc.gov/catdir/enhancements/fy0737/2005044388-b.html">http://www.loc.gov/catdir/enhancements/fy0737/2005044388-b.html</a> |
| 906 ## - LOCAL DATA ELEMENT F, LDF (RLIN) | |
| a | 7 |
| b | cbc |
| c | orignew |
| d | 1 |
| e | ocip |
| f | 20 |
| g | y-gencatlg |
| 942 ## - ADDED ENTRY ELEMENTS (KOHA) | |
| Source of classification or shelving scheme | Library of Congress Classification |
| Koha item type | Books |
| Withdrawn status | Lost status | Source of classification or shelving scheme | Damaged status | Not for loan | Home library | Current library | Shelving location | Date acquired | Source of acquisition | Total checkouts | Full call number | Barcode | Date last seen | Price effective from | Koha item type |
|---|---|---|---|---|---|---|---|---|---|---|---|---|---|---|---|
| Library of Congress Classification | MUT Mariira Campus Library | MUT Mariira Campus Library | General stacks | 13/03/2019 | Donation-TFC | BF 121 .P833 2002 | 025401 | 13/03/2019 | 13/03/2019 | Books | |||||
| Library of Congress Classification | Murang'a University of Technology Library | Murang'a University of Technology Library | General stacks | 16/01/2019 | Donation -TFC | BF 121 .P833 2002 | 024232 | 16/01/2019 | 16/01/2019 | Books | |||||
| Library of Congress Classification | Murang'a University of Technology Library | Murang'a University of Technology Library | General stacks | 08/03/2022 | Donation-TFC | BF 121 .P833 2002 | 029899 | 30/08/2024 | 08/03/2022 | Books |